Introduccion a la quimica de suelos
Збережено в:
| Автор: | |
|---|---|
| Формат: | Книга |
| Опубліковано: |
Washington : Secr. General de la OEA, Programa Regional de Desarrollo Científico,
1982
|
| Серія: | Serie de química. Monografía
|
| Предмети: | |
| Теги: |
Додати тег
Немає тегів, Будьте першим, хто поставить тег для цього запису!
|
MARC
| LEADER | 00000nam a2200000Ia 4500 | ||
|---|---|---|---|
| 003 | 000314 | ||
| 005 | 20221231144022.0 | ||
| 008 | 140114s1982 c a 000 ||s d | ||
| 040 | |c cru CEDI | ||
| 082 | |a 631.41 B736i | ||
| 100 | |a Bornemisza Steiner, Elemer |9 18654 | ||
| 245 | |a Introduccion a la quimica de suelos | ||
| 260 | |a Washington : Secr. General de la OEA, Programa Regional de Desarrollo Científico, |c 1982 | ||
| 300 | |a vi, 74 páginas : ilustraciones | ||
| 440 | |a Serie de química. Monografía |9 18655 | ||
| 650 | |x QUIMICA DE SUELOS |9 1032 | ||
| 942 | |2 ddc |c BK | ||
| 999 | |c 15694 |d 15694 | ||
